Radon protection for new large buildings (Record no. 109244)

MARC details
000 -LEADER
fixed length control field 00973cam a22002655a 4500
001 - CONTROL NUMBER
control field L146619
008 - FIXED-LENGTH DATA ELEMENTS--GENERAL INFORMATION
fixed length control field 081110s2009 xxka f 000 0 eng u
020 ## - INTERNATIONAL STANDARD BOOK NUMBER
International Standard Book Number 9781848060722
035 ## - SYSTEM CONTROL NUMBER
System control number (Sirsi) u146619
041 0# - LANGUAGE CODE
Language code of text/sound track or separate title eng
050 04 - LIBRARY OF CONGRESS CALL NUMBER
Classification number 690 $2 18
100 1# - MAIN ENTRY--PERSONAL NAME
Personal name Scivyer, Chris
245 ## - TITLE STATEMENT
Title Radon protection for new large buildings
260 ## - PUBLICATION, DISTRIBUTION, ETC.
Place of publication, distribution, etc. Watford
Name of publisher, distributor, etc. IHS BRE
Date of publication, distribution, etc. 2009
300 ## - PHYSICAL DESCRIPTION
Extent 8p.
Other physical details ill.
Dimensions 30cm.
490 #0 - SERIES STATEMENT
Series statement BRE Good Building Guide
Volume/sequential designation GBG 75
520 ## - SUMMARY, ETC.
Summary, etc. Looks at the problem of radon, and examines ways in which new large buildings can be built to minimise the risk from the gas. To be read in conjunction with BRE Report BR 211 (2007) "Radon: guidance on protective measures for new buildings".
520 ## - SUMMARY, ETC.
Summary, etc. Replaced by L158353 Radon protection for new large buildings, GG 75 (2015).
521 ## - TARGET AUDIENCE NOTE
Target audience note Advanced
590 ## - LOCAL NOTE (RLIN)
Local note KA
650 24 - SUBJECT ADDED ENTRY--TOPICAL TERM
Topical term or geographic name entry element RADON PROTECTION MEASURES
651 #4 - SUBJECT ADDED ENTRY--GEOGRAPHIC NAME
Geographic name United Kingdom
Chronological subdivision
690 ## - LOCAL SUBJECT ADDED ENTRY--TOPICAL TERM (OCLC, RLIN)
Topical term or geographic name as entry element Health and safety
9 (RLIN) 6244
942 ## - ADDED ENTRY ELEMENTS (KOHA)
Suppress in OPAC 0
Holdings
Withdrawn status Lost status Source of classification or shelving scheme Damaged status Not for loan Home library Current library Shelving location Date acquired Total Checkouts Full call number Barcode Date last seen Copy number Price effective from Koha item type
    Dewey Decimal Classification     London London BRE publications 23/09/2009   BRE 30077198 06/08/2019 1 06/08/2019 Book